[Event "Oskarja Memorial 10th"]
[Site "Chess.com INT"]
[Date "2021.01.16"]
[Round "14"]
[White "Kogoj, Boris"]
[Black "Begic, Klara"]
[Result "1-0"]
[WhiteElo "1856"]
[BlackElo "1662"]
[PlyCount "45"]
[EventDate "2021.01.16"]
[EventType "swiss (blitz)"]
[EventRounds "15"]
[EventCountry "SLO"]
[SourceTitle "CBM 200 Extra"]
[Source "ChessBase"]
[SourceDate "2021.03.31"]
[SourceVersion "1"]
[SourceVersionDate "2021.03.31"]
[SourceQuality "1"]

1. e4 e5 2. f4 exf4 3. Nf3 Nc6 4. d4 Nf6 5. Bd3 Be7 6. Bxf4 d6 7. 0-0 0-0 8. Nc3 Bg4 9. Be2 Nh5 10. Be3 Nf6 11. h3 Bxf3 12. Rxf3 d5 13. e5 Ne4 14. Nxe4 dxe4 15. Rg3 f6 16. e6 g5 17. Bh5 h6 18. Bf7+ Kh7 19. Qg4 Bd6 20. Qf5+ Kh8 21. Qg6 Rxf7 22. exf7 Bxg3 23. Qxh6# 1-0

[Event "Oskarja Memorial 10th"]
[Site "Chess.com INT"]
[Date "2021.01.16"]
[Round "4"]
[White "Kogoj, Boris"]
[Black "Golubovic, Boris"]
[Result "0-1"]
[WhiteElo "1856"]
[BlackElo "2338"]
[PlyCount "64"]
[EventDate "2021.01.16"]
[EventType "swiss (blitz)"]
[EventRounds "15"]
[EventCountry "SLO"]
[SourceTitle "CBM 200 Extra"]
[Source "ChessBase"]
[SourceDate "2021.03.31"]
[SourceVersion "1"]
[SourceVersionDate "2021.03.31"]
[SourceQuality "1"]

1. e4 e5 2. Nf3 Nc6 3. d3 Nf6 4. c4 Bc5 5. Be2 d6 6. 0-0 h6 7. h3 0-0 8. Nc3 a6 9. Nd5 Nxd5 10. cxd5 Ne7 11. a3 f5 12. b4 Ba7 13. a4 Ng6 14. Be3 fxe4 15. dxe4 Nf4 16. Bxf4 Rxf4 17. b5 Bc5 18. bxa6 bxa6 19. Kh2 Bd7 20. Qd3 Qe7 21. g3 Rf6 22. Kg2 a5 23. Nh4 Raf8 24. Nf3 Qf7 25. Ra2 Qh5 26. Ng1 Rxf2+ 27. Kh1 Qg5 28. Rxf2 Rxf2 29. g4 Qf4 30. Nf3 Qg3 31. Bf1 Rxf3 32. Qa6 Qg1# 0-1

[Event "Oskarja Memorial 10th"]
[Site "Chess.com INT"]
[Date "2021.01.16"]
[Round "6"]
[White "Lavrencic, Matic"]
[Black "Kogoj, Boris"]
[Result "1-0"]
[WhiteElo "2018"]
[BlackElo "1856"]
[PlyCount "63"]
[EventDate "2021.01.16"]
[EventType "swiss (blitz)"]
[EventRounds "15"]
[EventCountry "SLO"]
[SourceTitle "CBM 200 Extra"]
[Source "ChessBase"]
[SourceDate "2021.03.31"]
[SourceVersion "1"]
[SourceVersionDate "2021.03.31"]
[SourceQuality "1"]

1. e4 e5 2. Nf3 d6 3. d4 exd4 4. Nxd4 Be7 5. Nc3 Nf6 6. g3 0-0 7. Bg2 Nc6 8. 0-0 Nxd4 9. Qxd4 Nd7 10. Be3 Bf6 11. Qd2 Ne5 12. Qe2 c5 13. h3 Rb8 14. Rad1 b6 15. Nd5 Bb7 16. Rd2 Nc6 17. c3 Re8 18. Rfd1 Ne5 19. Nxf6+ Qxf6 20. Rxd6 Qe7 21. f4 Ng6 22. Rd7 Qe6 23. f5 Qxa2 24. fxg6 hxg6 25. Qf2 Bxe4 26. Bxe4 Rxe4 27. Bf4 Rbe8 28. Rd8 Qc4 29. Rxe8+ Rxe8 30. Re1 Rd8 31. Qe2 Qb5 32. Qxb5 1-0

[Event "Oskarja Memorial 10th"]
[Site "Chess.com INT"]
[Date "2021.01.16"]
[Round "3"]
[White "Sagovac, Kristijan"]
[Black "Kogoj, Boris"]
[Result "0-1"]
[WhiteElo "1937"]
[BlackElo "1856"]
[PlyCount "96"]
[EventDate "2021.01.16"]
[EventType "swiss (blitz)"]
[EventRounds "15"]
[EventCountry "SLO"]
[SourceTitle "CBM 200 Extra"]
[Source "ChessBase"]
[SourceDate "2021.03.31"]
[SourceVersion "1"]
[SourceVersionDate "2021.03.31"]
[SourceQuality "1"]

1. e4 e5 2. Nf3 d6 3. d4 exd4 4. Nxd4 Nc6 5. Be3 Nf6 6. Nc3 Be7 7. Bc4 Ne5 8. Bb3 Bd7 9. h3 b6 10. f4 Nc6 11. Qd2 Nxd4 12. Qxd4 0-0 13. 0-0-0 Bc6 14. g4 Bb7 15. g5 Nh5 16. Rdg1 g6 17. f5 c5 18. Qd1 Qd7 19. f6 Bd8 20. Bd5 Rc8 21. Bxb7 Qxb7 22. Qxd6 Bc7 23. Qd2 Be5 24. Rg4 Rfd8 25. Qe1 Qc7 26. Ne2 c4 27. Rf1 b5 28. Nf4 Bxf4 29. Bxf4 Qc6 30. e5 Qe6 31. Qe3 Rd7 32. Rd1 Rcd8 33. Rxd7 Qxd7 34. Rg1 Qf5 35. Bh2 Rd7 36. b3 cxb3 37. axb3 Qe6 38. Kb2 a5 39. Ra1 a4 40. bxa4 bxa4 41. Rxa4 Rb7+ 42. Kc1 Rb8 43. Qa7 Re8 44. Qa6 Qxh3 45. Qc6 Qf1+ 46. Kb2 Rb8+ 47. Ka2 Qb1+ 48. Ka3 Qb2# 0-1

[Event "Nova Gorica op-A 20th"]
[Site "Nova Gorica"]
[Date "2015.02.03"]
[Round "7"]
[White "Petrovcic, Cvetko"]
[Black "Kogoj, Boris"]
[Result "1-0"]
[WhiteElo "1618"]
[BlackElo "1890"]
[PlyCount "162"]
[EventDate "2015.01.30"]
[EventType "swiss"]
[EventRounds "9"]
[EventCountry "SLO"]
[SourceTitle "CBM 164 Extra"]
[Source "ChessBase"]
[SourceDate "2015.03.02"]
[SourceVersion "1"]
[SourceVersionDate "2015.03.02"]
[SourceQuality "1"]

1. d4 d5 2. c4 e6 3. Nf3 Nf6 4. Bg5 Be7 5. Nc3 0-0 6. e3 a6 7. Bd3 h6 8. Bxf6 Bxf6 9. c5 b5 10. b4 Nc6 11. Rb1 Bd7 12. 0-0 g6 13. Bc2 Ne7 14. Ne2 Kg7 15. Rb3 c6 16. h3 Qc7 17. Qd2 Rh8 18. Nf4 a5 19. a3 axb4 20. axb4 Ra2 21. Nd3 g5 22. Nfe5 Bc8 23. f4 Bxe5 24. Nxe5 f6 25. Nf3 Ng6 26. Qd3 f5 27. fxg5 hxg5 28. Nxg5 Qg3 29. Nf3 Rxh3 30. Rf2 Nh4 31. Nxh4 Qh2+ 32. Kf1 Rxh4 33. Rb1 Rg4 34. Qd2 Qh1+ 35. Ke2 Qh5 36. Kd3 Kf6 37. Kc3 Qh7 38. Rb2 Ra1 39. Bd1 Rg3 40. Bf3 Qh1 41. Kb3 Ra4 42. Ra2 Qb1+ 43. Qb2 Qd3+ 44. Qc3 Qc4+ 45. Qxc4 dxc4+ 46. Kc3 Ra6 47. Rxa6 Bxa6 48. Ra2 Bc8 49. Ra8 Bd7 50. Kd2 e5 51. dxe5+ Kxe5 52. Ra7 Ke6 53. Rc7 Rg8 54. Bxc6 Bxc6 55. Rxc6+ Ke5 56. Rb6 Rxg2+ 57. Kc3 Re2 58. Rxb5 Kd5 59. c6+ Kxc6 60. Rc5+ Kd6 61. Kd4 Rd2+ 62. Kxc4 Rc2+ 63. Kb5 Rf2 64. Kb6 Rf3 65. b5 Rxe3 66. Rxf5 Rc3 67. Rf6+ Kd7 68. Rc6 Ra3 69. Rc4 Rb3 70. Ka6 Ra3+ 71. Kb7 Ra5 72. b6 Ra2 73. Rd4+ Ke6 74. Kb8 Ra3 75. b7 Ra2 76. Rc4 Kd7 77. Rd4+ Ke7 78. Rd5 Ke6 79. Rb5 Kd7 80. Rd5+ Ke7 81. Kc7 Rc2+ 1-0

[Event "Nova Gorica op-A 20th"]
[Site "Nova Gorica"]
[Date "2015.01.30"]
[Round "1"]
[White "Tratar, Marko"]
[Black "Kogoj, Boris"]
[Result "1-0"]
[WhiteElo "2474"]
[BlackElo "1890"]
[PlyCount "77"]
[EventDate "2015.01.30"]
[EventType "swiss"]
[EventRounds "9"]
[EventCountry "SLO"]
[SourceTitle "CBM 164 Extra"]
[Source "ChessBase"]
[SourceDate "2015.03.02"]
[SourceVersion "1"]
[SourceVersionDate "2015.03.02"]
[SourceQuality "1"]

1. Nf3 d5 2. d4 Nf6 3. c4 e6 4. g3 Be7 5. Bg2 Nc6 6. 0-0 h6 7. b3 b6 8. Bb2 Bb7 9. Nbd2 0-0 10. a3 a5 11. Qc2 Re8 12. Rac1 Rc8 13. cxd5 exd5 14. Bh3 Nd7 15. Rfd1 Ncb8 16. Nb1 Bg5 17. Nxg5 Qxg5 18. Nc3 c6 19. b4 axb4 20. axb4 b5 21. e4 dxe4 22. Nxe4 Qg6 23. Nc5 Qxc2 24. Rxc2 Nxc5 25. Bxc8 Bxc8 26. dxc5 Be6 27. Re2 f6 28. Ra1 Kf7 29. Ra7+ Re7 30. Ra8 Nd7 31. f3 Bd5 32. Rxe7+ Kxe7 33. Kf2 Nf8 34. Ra7+ Nd7 35. g4 g5 36. Bxf6+ Kxf6 37. Rxd7 Kg6 38. Rd6+ Kg7 39. Rxd5 1-0

[Event "Nova Gorica op-A 19th"]
[Site "Nova Gorica"]
[Date "2014.02.06"]
[Round "9"]
[White "Feltrin, Kris"]
[Black "Kogoj, Boris"]
[Result "1-0"]
[WhiteElo "1753"]
[BlackElo "2006"]
[PlyCount "101"]
[EventDate "2014.01.31"]
[EventType "swiss"]
[EventRounds "9"]
[EventCountry "SLO"]
[SourceTitle "CBM 158 Extra"]
[Source "ChessBase"]
[SourceDate "2014.02.28"]
[SourceVersion "1"]
[SourceVersionDate "2014.02.28"]
[SourceQuality "1"]

1. e4 c5 2. Nf3 Nc6 3. d4 cxd4 4. Nxd4 Nf6 5. Nc3 d6 6. Be2 g6 7. 0-0 Bg7 8. Be3 a6 9. h3 0-0 10. a4 Bd7 11. Qd2 Rc8 12. f4 Nxd4 13. Bxd4 Ne8 14. f5 Bxd4+ 15. Qxd4 e5 16. Qe3 Qh4 17. g3 Qd8 18. Kh2 Bc6 19. h4 d5 20. exd5 Bxd5 21. Qxe5 Bc6 22. fxg6 hxg6 23. Rad1 Qb6 24. h5 Ng7 25. hxg6 fxg6 26. Bc4+ Kh7 27. Rd4 Rxf1 28. Rh4+ Nh5 29. Qe7+ Kh6 30. Rxh5+ gxh5 31. Qe6+ Kg7 32. Qe7+ Kh6 33. Qe6+ Kg7 34. Qe7+ Kg6 35. Bd3+ Be4 36. Qxe4+ Kg7 37. Bxf1 Qf2+ 38. Bg2 Rf8 39. Qxb7+ Rf7 40. Qe4 Qd2 41. Qe5+ Kf8 42. Ne4 Qxc2 43. Qc5+ Qxc5 44. Nxc5 a5 45. Kh3 Ke7 46. Nb7 Rf5 47. Bc6 Kf6 48. Bb5 Rf2 49. b3 Rf3 50. Nxa5 Kg5 51. Kg2 1-0

[Event "Nova Gorica op-A 19th"]
[Site "Nova Gorica"]
[Date "2014.02.02"]
[Round "5"]
[White "Causevic, Miro"]
[Black "Kogoj, Boris"]
[Result "1-0"]
[WhiteElo "1633"]
[BlackElo "2006"]
[PlyCount "81"]
[EventDate "2014.01.31"]
[EventType "swiss"]
[EventRounds "9"]
[EventCountry "SLO"]
[SourceTitle "CBM 158 Extra"]
[Source "ChessBase"]
[SourceDate "2014.02.28"]
[SourceVersion "1"]
[SourceVersionDate "2014.02.28"]
[SourceQuality "1"]

1. e4 e6 2. f4 d5 3. e5 c5 4. c3 Nc6 5. Nf3 a6 6. d4 Bd7 7. Be2 g6 8. 0-0 Nh6 9. Kh1 Be7 10. dxc5 Bxc5 11. b4 Ba7 12. a3 Nf5 13. Bd3 Ne3 14. Bxe3 Bxe3 15. g3 b5 16. Nbd2 Bc8 17. Nb3 Bb7 18. Re1 Ba7 19. Nbd4 Bxd4 20. cxd4 0-0 21. Rc1 Qb6 22. Bb1 a5 23. bxa5 Rxa5 24. Re3 Rfa8 25. Rcc3 Ra4 26. Red3 Ba6 27. h4 Ra5 28. h5 Kg7 29. Kh2 b4 30. axb4 Nxb4 31. Rd2 Bc4 32. Kh3 Nc6 33. Nh4 Qb4 34. Rc1 Ne7 35. Rh2 Ra1 36. Rh1 Qb5 37. Qg4 Be2 38. Qg5 Ng8 39. hxg6 fxg6 40. Rc7+ Kf8 41. Nxg6+ 1-0

[Event "Nova Gorica op-A 19th"]
[Site "Nova Gorica"]
[Date "2014.02.02"]
[Round "4"]
[White "Kogoj, Boris"]
[Black "Cortese, Lina"]
[Result "0-1"]
[WhiteElo "2006"]
[BlackElo "1631"]
[PlyCount "88"]
[EventDate "2014.01.31"]
[EventType "swiss"]
[EventRounds "9"]
[EventCountry "SLO"]
[SourceTitle "CBM 158 Extra"]
[Source "ChessBase"]
[SourceDate "2014.02.28"]
[SourceVersion "1"]
[SourceVersionDate "2014.02.28"]
[SourceQuality "1"]

1. e4 e6 2. d4 d5 3. e5 c5 4. Bb5+ Bd7 5. Bxd7+ Qxd7 6. Nf3 Nc6 7. c3 cxd4 8. cxd4 Bb4+ 9. Bd2 Bxd2+ 10. Nbxd2 Nge7 11. 0-0 0-0 12. Nb3 b6 13. Qd3 h6 14. Rad1 Rac8 15. Kh1 Nb4 16. Qd2 Qa4 17. Nc1 Rc2 18. b3 Rxd2 19. bxa4 Rxd1 20. Rxd1 Rc8 21. a3 Nc2 22. Nb3 Nxa3 23. Ra1 Nc4 24. a5 Nxa5 25. Nxa5 bxa5 26. Rxa5 Rc1+ 27. Ng1 Nc6 28. Ra4 a5 29. g3 Rc4 30. Ra1 Rxd4 31. Nf3 Rc4 32. Kg2 a4 33. Ra3 d4 34. Nd2 Rb4 35. Nf3 f6 36. exf6 gxf6 37. Ne1 e5 38. Kf1 Na5 39. Nd3 Nc4 40. Ra2 Rb1+ 41. Ke2 a3 42. Kf3 f5 43. Ke2 e4 44. f4 Rh1 0-1

[Event "Nova Gorica op-A 19th"]
[Site "Nova Gorica"]
[Date "2014.02.01"]
[Round "2"]
[White "Kogoj, Boris"]
[Black "Monjac, Mislav"]
[Result "0-1"]
[WhiteElo "2006"]
[BlackElo "2148"]
[PlyCount "114"]
[EventDate "2014.01.31"]
[EventType "swiss"]
[EventRounds "9"]
[EventCountry "SLO"]
[SourceTitle "CBM 158 Extra"]
[Source "ChessBase"]
[SourceDate "2014.02.28"]
[SourceVersion "1"]
[SourceVersionDate "2014.02.28"]
[SourceQuality "1"]

1. e4 c5 2. Nf3 d6 3. Nc3 g6 4. d4 cxd4 5. Nxd4 Nf6 6. Bb5+ Nbd7 7. 0-0 Bg7 8. f4 0-0 9. Be3 a6 10. Bxd7 Bxd7 11. h3 Qc7 12. Nd5 Nxd5 13. exd5 Qc4 14. c3 Qxd5 15. Qf3 Qxf3 16. Nxf3 Bb5 17. Rfe1 Rfe8 18. Kf2 Bc6 19. Nd4 Rac8 20. Rad1 Bd5 21. a3 Bc6 22. Nf3 Kf8 23. Rd2 Bxf3 24. Kxf3 Rc4 25. g3 Rec8 26. Bf2 b5 27. Rd5 R4c6 28. Red1 Ke8 29. h4 Rb8 30. R5d3 a5 31. Bd4 Bxd4 32. Rxd4 b4 33. axb4 axb4 34. R4d3 Rbc8 35. cxb4 Rb8 36. Rb3 Rc4 37. b5 Rc5 38. b6 Rc6 39. b7 Rc7 40. Rdd3 Rcxb7 41. Rxb7 Rxb7 42. b3 Kd7 43. Ke3 e6 44. Kd4 d5 45. Kc5 Rc7+ 46. Kb6 Rc6+ 47. Kb5 Kd6 48. b4 f6 49. Re3 Rc8 50. Ka6 d4 51. Rd3 e5 52. b5 Kd5 53. b6 e4 54. Rb3 e3 55. b7 Rb8 56. Ka7 Rxb7+ 57. Rxb7 e2 0-1

[Event "Nova Gorica op-B 10th"]
[Site "Nova Gorica"]
[Date "2005.02.03"]
[Round "9"]
[White "Ursic, Aleksander"]
[Black "Kogoj, Boris"]
[Result "1-0"]
[WhiteElo "1948"]
[BlackElo "1849"]
[PlyCount "60"]
[EventDate "2005.01.28"]
[EventType "swiss"]
[EventRounds "9"]
[EventCountry "SLO"]
[SourceTitle "CBM 104 Extra"]
[Source "ChessBase"]
[SourceDate "2005.03.01"]
[SourceVersion "1"]
[SourceVersionDate "2005.03.01"]
[SourceQuality "1"]

1. d4 d5 2. Nf3 Nc6 3. c3 Bf5 4. Bf4 e6 5. e3 Bd6 6. Nbd2 a6 7. b4 Nge7 8. a4 0-0 9. Be2 Ng6 10. Bg3 Na7 11. 0-0 c6 12. Nb3 Re8 13. Bd3 Bxd3 14. Qxd3 e5 15. dxe5 Nxe5 16. Nxe5 Bxe5 17. Bxe5 Rxe5 18. Na5 Rb8 19. Qd4 b6 20. Qxe5 bxa5 21. bxa5 Rc8 22. Rab1 c5 23. Rfe1 Qxa5 24. Qxd5 h6 25. Rb7 Qxc3 26. Qxf7+ Kh8 27. Rxa7 a5 28. Qh5 Rg8 29. Rd7 g5 30. Qf7 Rg7 1-0